000
00267nam a2200097Ia 4500
008
220204s9999 xx 000 0 und d
082
_a
338.45(547.1GUJ)
_b
SUR
245
0
_a
Survey of small scale industries
260
_a
Allahabad
_b
Directorate of Industries
942
_c
BK
999
_c
22328
_d
22328